Visualizzazione normale
Vista MARC
- Guerra Tonino
di Personal Name
Records bibliografici associati: 1
001 - CONTROL NUMBER
- control field: 37873
003 - CONTROL NUMBER IDENTIFIER
- control field: IT-RoPau
005 - DATE AND TIME OF LATEST TRANSACTION
- control field: 20151125174316.0
008 - FIXED-LENGTH DATA ELEMENTS
- fixed length control field: 151125|| aca||aabn | a|a d
040 ## - CATALOGING SOURCE
- Original cataloging agency: IT-RoPau
- Transcribing agency: IT-RoPau
100 ## - HEADING--PERSONAL NAME
- Personal name: Guerra Tonino
- Relator term: (soggetto)
- Miscellaneous information: Codice Soggetto SPICS: 5721
670 ## - SOURCE DATA FOUND
- Source citation: Work cat.: (IT-RoPau)104825: Lattuada Alberto Codice regista SPICS: 4829 37870, BIANCO ROSSO E... BIANCO ROSSO E... (Rif. Codice opera principale : H9243)